Buckinghamshire CC v Moran (Record no. 19205)

MARC details
000 -LEADER
fixed length control field 01433cab a2200181 4500
001 - CONTROL NUMBER
control field ABS41172
008 - FIXED-LENGTH DATA ELEMENTS--GENERAL INFORMATION
fixed length control field 090401t1989 xxu||||| |||| 00| 0 eng d
035 ## - SYSTEM CONTROL NUMBER
System control number (Sirsi) u28559
041 ## - LANGUAGE CODE
Language code of text/sound track or separate title eng
245 ## - TITLE STATEMENT
Title Buckinghamshire CC v Moran
260 ## - PUBLICATION, DISTRIBUTION, ETC.
Date of publication, distribution, etc. 1989
350 ## - PRICE (NR) (BK AM CF MU VM SE) [OBSOLETE]
Price 0
490 ## - SERIES STATEMENT
Series statement Weekly Law Reports
Volume/sequential designation (1989) 3 WLR 152-172(21)
520 ## - SUMMARY, ETC.
Summary, etc. CA 13 February 1989. By a conveyance dated 20 October 1955 a plot of land was acquired by the council and left undeveloped for future use as a road diversion . The plot joined the defendant`s (M) house and garden to the north but the only approach to it was through M`s garden. In 1967 M`s predecessors began to maintain the plot by mowing the grass and used it for their own purposes. In 1971 M purchased the property under a conveyance which claimed " together with...all such rights estate title and interests as the vendors may have in or over" the plot. The vendors made a statutory declaration setting out their acts of cultivation and use of the plot stating that no one had ever challenged this and their permission had been sought when an electric cable was laid across the plot. M fastened the gate with a chain so giving no unimpeded access to the plot except from the house and garden. In 1975 a neighbouring tennis club wished to lay a drain over the land which would connect with the
690 ## - LOCAL SUBJECT ADDED ENTRY--TOPICAL TERM (OCLC, RLIN)
Topical term or geographic name as entry element PROPERTY LAW AND PRACTICE-CASE LAW
942 ## - ADDED ENTRY ELEMENTS (KOHA)
Suppress in OPAC 0
948 ## - LOCAL PROCESSING INFORMATION (OCLC); SERIES PART DESIGNATOR (RLIN)
c (OCLC) 04/03/1997
Holdings
Withdrawn status Lost status Source of classification or shelving scheme Damaged status Not for loan Home library Current library Shelving location Date acquired Total Checkouts Full call number Barcode Date last seen Copy number Price effective from Koha item type
    Dewey Decimal Classification     London London Journal article 14/09/1999   ABS41172 28559-1001 06/08/2019 1 06/08/2019 Law report